00297 a2200133 4500001000700000020002200007040001100029100003400040240003000074245002500104300000700129362000900136440001800145192011 a978-85-88642-43-0 cMagnum aBeretta Filho, José André10aAs letrinhas fujonaslpor10aAs letrinhas fujonas a200 a2011 1aOutras Letras